000 00406nam a2200157 4500
001 42813
090 _a42813
100 _a20240305 pory50
101 _aing
102 _aRU
200 _aPaper engineering
_e3-D design techniques for a 2-D material
_fNatalie Avella
210 _aHove , East Sussex
_cRoto Vision
_dcop. 2009
215 _a175 , [1] p.
675 _a003.5
801 _aPT
_gRPC
990 _cLIVROS